Tagore Pamphlets (Vol-1) / (Record no. 194173)

000 -LEADER
fixed length control field 00646 a2200157 4500
003 - CONTROL NUMBER IDENTIFIER
control field NUST
005 - DATE AND TIME OF LATEST TRANSACTION
control field 20230202093420.0
040 ## - CATALOGING SOURCE
Transcribing agency Nust
082 ## - DEWEY DECIMAL CLASSIFICATION NUMBER
Classification number 954,TAG
100 ## - MAIN ENTRY--PERSONAL NAME
Personal name R.I. Paul
9 (RLIN) 108436
245 ## - TITLE STATEMENT
Title Tagore Pamphlets (Vol-1) /
Statement of responsibility, etc. Compiled by R.i. Paul
260 ## - PUBLICATION, DISTRIBUTION, ETC.
Place of publication, distribution, etc. Lahore , pakistan
Name of publisher, distributor, etc. Tagore memolial
300 ## - PHYSICAL DESCRIPTION
Extent 15,15 and 15 p.;
505 ## - FORMATTED CONTENTS NOTE
Formatted contents note 1.Tagore s Historic Words, 2. Five P s For Tagore, 3. Bid Me Farwell, 4. Tagore s Message, 5. Heart of Tagore, 6.Tagore Greets Death , 7. Santiniketan, 8. What They Say, 9.tagore s Friend, 10. Tagore s Father, 11. Gandhiji at Santiniketan, 12.Deenabandhu.
942 ## - ADDED ENTRY ELEMENTS (KOHA)
Source of classification or shelving scheme
Koha item type Book
Call number prefix 954,TAG
Holdings
Withdrawn status Lost status Source of classification or shelving scheme Damaged status Not for loan Permanent Location Current Location Shelving location Date acquired Full call number Barcode Date last seen Price effective from Koha item type Public note
          Military College of Signals (MCS) Military College of Signals (MCS) General Stacks 12/12/2016 954,TAG MCS29272 12/08/2016 12/12/2016 Book Almirah No.61, Shelf No.4
© 2023 Central Library, National University of Sciences and Technology. All Rights Reserved.